| 000 | 00597nam a22001937a 4500 | ||
|---|---|---|---|
| 003 | 0 | ||
| 005 | 20230830142507.0 | ||
| 008 | 230830b xxu||||| |||| 00| 0 eng d | ||
| 020 | _a978-621-4181-89-6 | ||
| 050 |
_aG 155.7 _bOs86 2021 |
||
| 100 | _aOsorno, Rene D. | ||
| 245 |
_aPhilippine culture & tourism geography _cRene D. Osorno |
||
| 260 |
_aQuezon City _bWiseman's Books Trading, Inc. _cc2021. |
||
| 300 |
_aiv, 254 pages : _bill. ; _c25 cm. |
||
| 500 | _aPhilippine culture. | ||
| 504 | _aIncludes bibliographical references. | ||
| 650 | _aPhilippine culture. | ||
| 942 |
_2lcc _cBK |
||
| 999 |
_c365231 _d365231 |
||